Salt Lake City Int. Airport Destinations (Salt Lake City, UT, USA) - Statistics

General Stats
  • This quiz has been taken 224 times
    26 since last reset
  • The average score is 77 of 108
Answer Stats
Airline Destination % Correct
Delta Air Lines/Frontier Airlines/JSX/Southwest Airlines Las Vegas
100%
American Eagle/Delta Air Lines/Frontier Airlines/Southwest Airlines/United Express Los Angeles
95%
Delta Air Lines/Sun Country Airlines Minneapolis/St. Paul
95%
Delta Air Lines/JetBlue New York (JFK)
95%
Delta Air Lines New York (LaGuardia)
95%
Delta Air Lines/Delta Connection/Southwest Airlines Sacramento
95%
Air Canada Rouge Toronto (Pearson)
95%
Delta Air Lines/Delta Connection/Southwest Airlines Austin
89%
Delta Air Lines/JetBlue Boston
89%
Delta Connection Calgary
89%
American Airlines/Delta Air Lines Charlotte
89%
Southwest Airlines Chicago (Midway)
89%
American Airlines/American Eagle/Delta Air Lines/Frontier Airlines/United Airlines/United Express Chicago (O'Hare)
89%
American Airlines/Delta Air Lines/Frontier Airlines Dallas/Fort Worth
89%
Southwest Airlines Dallas (Love)
89%
Delta Air Lines/Frontier Airlines/Southwest Airlines/United Airlines/United Express Denver
89%
Delta Air Lines Detroit
89%
Delta Air Lines Kansas City
89%
Aeroméxico/Delta Air Lines Mexico City
89%
American Airlines/Delta Air Lines Miami
89%
American Airlines/Delta Air Lines Philadelphia
89%
American Airlines/American Eagle/Delta Air Lines/Frontier Airlines/Southwest Airlines Phoenix (Sky Harbor)
89%
Delta Air Lines Raleigh/Durham
89%
Delta Air Lines/Delta Connection Reno/Tahoe
89%
Delta Air Lines San Antonio
89%
Alaska Airlines/Delta Air Lines/Frontier Airlines/Southwest Airlines San Diego
89%
Delta Air Lines/Frontier Airlines/United Airlines/United Express San Francisco
89%
Alaska Airlines/Delta Air Lines/Frontier Airlines Seattle/Tacoma
89%
Delta Air Lines/Delta Connection Spokane
89%
Delta Air Lines/Southwest Airlines Tampa
89%
Delta Connection Vancouver
89%
Delta Air Lines/KLM Amsterdam
84%
Alaska Airlines/Delta Air Lines Anchorage
84%
Delta Air Lines Atlanta
84%
Delta Air Lines/Delta Connection Billings
84%
Delta Air Lines Cancún
84%
Delta Air Lines Cincinnati
84%
Delta Air Lines Cleveland
84%
Delta Air Lines Columbus (Glenn)
84%
WestJet Edmonton
84%
Delta Air Lines/Hawaiian Airlines Honolulu
84%
Southwest Airlines Houston (Hobby)
84%
Delta Air Lines/United Airlines/United Express Houston (Intercontinental)
84%
Delta Air Lines Indianapolis
84%
Delta Air Lines London (Heathrow)
84%
Delta Air Lines/Southwest Airlines Nashville
84%
Delta Air Lines/United Airlines Newark
84%
Delta Connection/Southwest Airlines Oakland
84%
Delta Connection Oklahoma City
84%
Delta Air Lines/Frontier Airlines/Southwest Airlines/Spirit Airlines Orlando
84%
Alaska Airlines/Delta Air Lines/Frontier Airlines Portland (OR)
84%
Delta Connection/Frontier Airlines Tucson
84%
Delta Air Lines/United Airlines Washington (Dulles)
84%
Delta Air Lines Washington (National)
84%
Delta Connection Albuquerque
79%
Delta Air Lines/Southwest Airlines Baltimore
79%
Delta Air Lines/Delta Connection Boise
79%
Delta Air Lines/Delta Connection Bozeman
79%
Delta Air Lines Milwaukee
79%
Delta Air Lines New Orleans
79%
Delta Air Lines Pittsburgh
79%
Delta Air Lines/Delta Connection/Southwest Airlines San Jose (CA)
79%
Delta Air Lines San José del Cabo
79%
Delta Air Lines/Southwest Airlines St. Louis
79%
Delta Connection Tulsa
79%
Delta Connection Colorado Springs
74%
Delta Air Lines Memphis
74%
Delta Connection Omaha
74%
Delta Air Lines Paris (Charles de Gaulle)
74%
Delta Air Lines/Delta Connection/JSX Burbank
68%
Delta Connection Fresno
68%
Aeroméxico/Volaris Guadalajara
68%
Delta Air Lines/Delta Connection/Southwest Airlines Long Beach
68%
Aeroméxico Connect Monterrey
68%
Delta Connection Eugene
63%
Delta Air Lines/Spirit Airlines Fort Lauderdale
63%
Delta Air Lines Fort Myers
63%
Delta Connection Helena
63%
Delta Connection Little Rock
63%
Delta Air Lines/Delta Connection Ontario
63%
Delta Air Lines/Delta Connection/Frontier Airlines/JSX Orange County
63%
Delta Air Lines/Delta Connection Jackson Hole
58%
Delta Air Lines Puerto Vallarta
58%
Delta Connection Palm Springs
53%
Delta Connection St. George (UT)
53%
Delta Connection Grand Junction
47%
Delta Connection Great Falls
47%
Delta Air Lines/Delta Connection Idaho Falls
47%
Delta Air Lines/Delta Connection Missoula
47%
Delta Connection Redmond/Bend
47%
Delta Air Lines Kahului
42%
Delta Connection Santa Barbara
42%
Delta Air Lines Seoul (Incheon)
42%
Delta Connection Elko
37%
Delta Air Lines/Delta Connection Glacier Park/Kalispell
37%
Delta Connection Medford
37%
Delta Connection Pocatello
37%
Delta Connection Twin Falls
37%
Delta Connection Butte
32%
Delta Air Lines Kailua-Kona
32%
Delta Connection Fayetteville/Bentonville
26%
Delta Air Lines/Delta Connection Tri-Cities (WA)
26%
Delta Connection Cedar City
21%
Delta Connection Lewiston
21%
Delta Connection Sun Valley
21%
Delta Air Lines Lima
16%
JSX Scottsdale
11%
Delta Connection West Yellowstone
11%
No matching quizzes found
Score Distribution
Percent of People with Each Score
Percentile by Number Answered
Your Score History
You have not taken this quiz since the last reset